000 00428nam a2200169 a 4500
005 20140310183154.0
008 970101s19uu xx 00 eng d
050 _aQA 76.9.D3
_b.M463 1992
245 _a386 Max :
_buser guide /
260 _aBethesda, M.D :
_bQualitar,
_c1992.
300 _a286 p. :
_c23 cm.
521 _aIT
650 _aComputer software
650 _a386 Max
942 _cBK
_2lcc
_kFOR
999 _c19720
_d19720